[Event "80th DEN-ch"]
[Site "Nyborg DEN"]
[Date "2001.04.07"]
[Round "1"]
[White "Berg, Klaus"]
[Black "Boe, Mads"]
[WhiteElo "2418"]
[BlackElo "2389"]
[Result "1-0"]
[EventDate "2001.04.07"]
[PlyCount "87"]
[EventCategory "8"]
[Source "ChessBase"]
[SourceDate "2001.07.05"]

1. d4 f5 2. Nc3 d5 3. Bf4 Nf6 4. e3 e6 5. Nb5 Na6 6. c4 c6 7. Nc3 Be7 8. Nf3
O-O 9. a3 Nc7 10. Be2 Nce8 11. O-O Bd7 12. Qb3 b6 13. Rac1 Nd6 14. Ne5 Nf7 15.
cxd5 cxd5 16. Nxd7 Qxd7 17. Bb5 Qd8 18. Bc6 Rc8 19. Bb7 Rc4 20. Ba6 g5 21. Be5
b5 22. Bxb5 Rc8 23. Qa4 Bd6 24. Bxd6 Nxd6 25. Ba6 Rb8 26. b4 Qb6 27. Ne2 Nfe4
28. Rc6 Qd8 29. Rfc1 f4 30. exf4 gxf4 31. f3 Qh4 32. Rf1 Ng3 33. Rxd6 Nxf1 34.
Kxf1 Rf6 35. Qd7 Qh6 36. Qxa7 Rbf8 37. Bd3 Qxh2 38. Rd7 Rh6 39. Rg7+ Kh8 40.
Rf7 Rg8 41. Nxf4 Rh3 42. Nxh3 Qh1+ 43. Ke2 Rxg2+ 44. Nf2 1-0

[Event "80th DEN-ch"]
[Site "Nyborg DEN"]
[Date "2001.04.07"]
[Round "1"]
[White "Rasmussen, Karsten"]
[Black "Pilgaard, Kim"]
[WhiteElo "2415"]
[BlackElo "2424"]
[Result "0-1"]
[EventDate "2001.04.07"]
[PlyCount "104"]
[EventCategory "8"]
[Source "ChessBase"]
[SourceDate "2001.07.05"]

1. g3 e5 2. Bg2 d6 3. c4 Nc6 4. Nc3 g6 5. Rb1 a5 6. a3 Bg7 7. b4 axb4 8. axb4
Nge7 9. e3 O-O 10. d3 f5 11. Nge2 Kh8 12. O-O Ng8 13. Qc2 Nce7 14. Bb2 g5 15.
f4 Ng6 16. Qd2 c6 17. Kh1 Nh6 18. d4 gxf4 19. exf4 e4 20. d5 Ng4 21. Nd1 Qe7
22. h3 Nf6 23. Ne3 cxd5 24. cxd5 Qf7 25. Rfc1 Ne7 26. Nc4 Qxd5 27. Qxd5 Nfxd5
28. Nxd6 Ra2 29. Bxg7+ Kxg7 30. Nc3 Nxc3 31. Rxc3 Rd2 32. Nc4 Nd5 33. Rcc1 Rd4
34. Nd6 Ne7 35. Nxb7 Bxb7 36. Rc7 Bd5 37. Rxe7+ Rf7 38. Rxf7+ Kxf7 39. b5 Ke6
40. b6 Bb7 41. g4 fxg4 42. hxg4 h5 43. gxh5 Kf5 44. Kg1 Rd6 45. Rb4 Kg4 46. Kf2
Rd2+ 47. Kf1 Ba6+ 48. Kg1 Kg3 49. Rb3+ Bd3 50. Bf1 Rd1 51. Rxd3+ exd3 52. b7 d2
0-1

[Event "80th DEN-ch"]
[Site "Nyborg DEN"]
[Date "2001.04.08"]
[Round "2"]
[White "Berg, Klaus"]
[Black "Rasmussen, Karsten"]
[WhiteElo "2418"]
[BlackElo "2415"]
[Result "1-0"]
[EventDate "2001.04.07"]
[PlyCount "81"]
[EventCategory "8"]
[Source "ChessBase"]
[SourceDate "2001.07.05"]

1. d4 d5 2. Bg5 h6 3. Bh4 c6 4. Nf3 Bf5 5. e3 Qb6 6. b3 Nd7 7. Bd3 Bxd3 8. Qxd3
e6 9. O-O Be7 10. Bxe7 Nxe7 11. c4 O-O 12. Nc3 Rad8 13. Rfc1 Qa6 14. Qf1 dxc4
15. bxc4 Qa5 16. Rab1 b6 17. a4 Qh5 18. a5 Qxa5 19. Ra1 Qb4 20. Rxa7 Qd6 21.
Rca1 Nc8 22. Rb7 Qb4 23. Qc1 Nd6 24. Rxd7 Rxd7 25. Ra4 Qxc4 26. Ne5 Qb3 27. Ra3
Qxa3 28. Qxa3 Rdd8 29. h3 Nf5 30. g4 Ra8 31. Qb2 Ne7 32. Qxb6 Nd5 33. Nxd5 cxd5
34. Nc6 Rfe8 35. Kg2 Ra2 36. h4 Rc2 37. Qb7 Rf8 38. g5 h5 39. Ne7+ Kh8 40. g6
f5 41. Nc6 1-0

[Event "80th DEN-ch"]
[Site "Nyborg DEN"]
[Date "2001.04.08"]
[Round "2"]
[White "Fries-Nielsen, Jens Ove"]
[Black "Schandorff, Lars"]
[WhiteElo "2390"]
[BlackElo "2518"]
[Result "1/2-1/2"]
[EventDate "2001.04.07"]
[PlyCount "42"]
[EventCategory "8"]
[Source "ChessBase"]
[SourceDate "2001.07.05"]

1. e4 e5 2. Nc3 Nf6 3. f4 d5 4. fxe5 Nxe4 5. Qe2 Ng5 6. d4 Be7 7. Nf3 c6 8.
Nxg5 Bxg5 9. Bxg5 Qxg5 10. Qd2 Qxd2+ 11. Kxd2 Bf5 12. Be2 Nd7 13. Raf1 Be6 14.
g4 O-O 15. Nd1 f6 16. exf6 Nxf6 17. Nf2 Rae8 18. g5 Nd7 19. Nd3 Bh3 20. Rxf8+
Rxf8 21. Rg1 Bf5 1/2-1/2

[Event "80th DEN-ch"]
[Site "Nyborg DEN"]
[Date "2001.04.08"]
[Round "2"]
[White "Lindfeldt, Jan Magnus"]
[Black "Mortensen, Erling"]
[WhiteElo "2330"]
[BlackElo "2440"]
[Result "1-0"]
[EventDate "2001.04.07"]
[PlyCount "61"]
[EventCategory "8"]
[Source "ChessBase"]
[SourceDate "2001.07.05"]

1. e4 c5 2. c3 d6 3. d4 Nf6 4. dxc5 Nc6 5. Bc4 Nxe4 6. Bxf7+ Kxf7 7. Qd5+ e6 8.
Qxe4 d5 9. Qe2 Bxc5 10. Nf3 Rf8 11. O-O Kg8 12. Be3 Bd6 13. Rd1 Qe8 14. Na3 Qh5
15. h3 Ne5 16. Nd4 Qxe2 17. Nxe2 Bxa3 18. bxa3 Nc4 19. Bf4 Bd7 20. Bg3 Rfc8 21.
Nd4 Nxa3 22. Rd3 Nc4 23. Re1 Re8 24. Be5 Rac8 25. Rg3 Nxe5 26. Rxe5 Rc4 27. f4
Rec8 28. f5 exf5 29. Re7 Be8 30. Rgxg7+ Kf8 31. Ne6# 1-0

[Event "80th DEN-ch"]
[Site "Nyborg DEN"]
[Date "2001.04.08"]
[Round "2"]
[White "Pilgaard, Kim"]
[Black "Nielsen, Peter Heine"]
[WhiteElo "2424"]
[BlackElo "2585"]
[Result "1/2-1/2"]
[EventDate "2001.04.07"]
[PlyCount "111"]
[EventCategory "8"]
[Source "ChessBase"]
[SourceDate "2001.07.05"]

1. e4 c5 2. Nf3 d6 3. d4 cxd4 4. Nxd4 Nf6 5. Nc3 a6 6. Bc4 e6 7. O-O Nc6 8. Be3
Qc7 9. Qe2 Be7 10. Rad1 O-O 11. a3 b5 12. Ba2 Bb7 13. f3 Rfe8 14. Nxc6 Bxc6 15.
Qf2 a5 16. Qg3 b4 17. Nb1 Reb8 18. axb4 Rxb4 19. b3 Rb7 20. Rf2 d5 21. Qxc7
Rxc7 22. e5 Nd7 23. f4 a4 24. c4 axb3 25. Bxb3 dxc4 26. Bxc4 Ba4 27. Ra2 g5 28.
Bb5 gxf4 29. Rxd7 Rxd7 30. Bxd7 Rb8 31. Bxa4 Rxb1+ 32. Kf2 fxe3+ 33. Kxe3 Bc5+
34. Kd3 Rb4 35. Bc6 Rd4+ 36. Ke2 Rf4 37. Kd3 Rd4+ 38. Ke2 Rh4 39. Ra5 Bb6 40.
Rb5 Bc7 41. h3 Kg7 42. Bf3 Rc4 43. Kd3 Rc1 44. Be4 h5 45. Bf3 Kg6 46. Be4+ Kg5
47. Ke3 Rc3+ 48. Bd3 Kh4 49. Kd4 Rc1 50. Be2 Rg1 51. g4 Kg5 52. Rb7 Rc1 53. Bc4
Rd1+ 54. Ke3 Bxe5 55. Rxf7 hxg4 56. hxg4 1/2-1/2

[Event "80th DEN-ch"]
[Site "Nyborg DEN"]
[Date "2001.04.09"]
[Round "3"]
[White "Mortensen, Erling"]
[Black "Fries-Nielsen, Jens Ove"]
[WhiteElo "2440"]
[BlackElo "2390"]
[Result "1/2-1/2"]
[EventDate "2001.04.07"]
[PlyCount "105"]
[EventCategory "8"]
[Source "ChessBase"]
[SourceDate "2001.07.05"]

1. e4 c5 2. Nf3 Nc6 3. Bb5 e6 4. O-O Nge7 5. c3 a6 6. Ba4 b5 7. Bc2 c4 8. b3
Ng6 9. a4 Rb8 10. Na3 cxb3 11. Bxb3 b4 12. cxb4 Bxb4 13. d4 Na5 14. Bc2 O-O 15.
g3 Bb7 16. h4 f6 17. h5 Ne7 18. h6 g6 19. Bd2 Bxa3 20. Rxa3 Nc4 21. Rb3 Bc6 22.
Bf4 Rc8 23. Rb4 d5 24. e5 a5 25. Rb1 f5 26. Bc1 Qd7 27. Ne1 Qa7 28. Qd3 Bd7 29.
Nf3 Nc6 30. Qd1 Nb4 31. Bb3 Rc7 32. Kg2 Qa8 33. Rh1 Qe8 34. Rh4 Nb6 35. Ra1 Nc4
36. Rh1 Bc8 37. Bd2 Qe7 38. Bg5 Qd7 39. Bd2 Ba6 40. Bxb4 axb4 41. a5 Na3 42.
Qd2 Qe7 43. Rhc1 Bc4 44. Bxc4 Nxc4 45. Qd3 Rfc8 46. a6 Qf8 47. Qb3 Qxh6 48.
Qxb4 Ne3+ 49. fxe3 Rxc1 50. Rxc1 Rxc1 51. Qb8+ Kg7 52. Qb7+ Kg8 53. Qb8+
1/2-1/2

[Event "80th DEN-ch"]
[Site "Nyborg DEN"]
[Date "2001.04.09"]
[Round "3"]
[White "Nielsen, Peter Heine"]
[Black "Berg, Klaus"]
[WhiteElo "2585"]
[BlackElo "2418"]
[Result "1-0"]
[EventDate "2001.04.07"]
[PlyCount "61"]
[EventCategory "8"]
[Source "ChessBase"]
[SourceDate "2001.07.05"]

1. e4 d5 2. exd5 Qxd5 3. Nc3 Qa5 4. d4 c6 5. Bd2 Bf5 6. g4 Bg6 7. f4 e6 8. Qe2
Ne7 9. d5 cxd5 10. Nb5 Qb6 11. f5 a6 12. fxg6 hxg6 13. Nc3 Qxb2 14. Rb1 Qa3 15.
Rxb7 Nbc6 16. Nf3 Na5 17. Nb5 axb5 18. Qxb5+ Nec6 19. Nd4 Bb4 20. Bxb4 Qe3+ 21.
Ne2 Nxb7 22. Qxc6+ Kd8 23. Qxb7 Rxa2 24. Qb8+ Kd7 25. Qb7+ Kd8 26. Qb8+ Kd7 27.
Qd6+ Kc8 28. Qc6+ Kd8 29. Bc3 f6 30. Bg2 Qg5 31. Qd6+ 1-0

[Event "80th DEN-ch"]
[Site "Nyborg DEN"]
[Date "2001.04.09"]
[Round "3"]
[White "Pedersen, Steffen"]
[Black "Lindfeldt, Jan Magnus"]
[WhiteElo "2463"]
[BlackElo "2330"]
[Result "1-0"]
[EventDate "2001.04.07"]
[PlyCount "63"]
[EventCategory "8"]
[Source "ChessBase"]
[SourceDate "2001.07.05"]

1. d4 d5 2. c4 Nc6 3. Nc3 Nf6 4. Nf3 dxc4 5. e3 e5 6. Bxc4 exd4 7. exd4 Be7 8.
h3 O-O 9. O-O Bf5 10. Re1 h6 11. Bf4 Bb4 12. Rc1 a6 13. a3 Bxc3 14. Rxc3 Be4
15. Be5 Bh7 16. Ba2 Ne4 17. Rc1 Nxe5 18. dxe5 c6 19. Qb3 Qe7 20. Bb1 Ng5 21.
Nxg5 Bxb1 22. Nxf7 Rxf7 23. Rxb1 Raf8 24. Re2 Kh8 25. e6 Rf5 26. Rd1 Qf6 27. e7
Re8 28. Qxb7 Re5 29. Ree1 Re4 30. Rxe4 Qg5 31. Re5 Qxe5 32. Rd8 1-0

[Event "80th DEN-ch"]
[Site "Nyborg DEN"]
[Date "2001.04.09"]
[Round "3"]
[White "Rasmussen, Karsten"]
[Black "Boe, Mads"]
[WhiteElo "2415"]
[BlackElo "2389"]
[Result "1-0"]
[EventDate "2001.04.07"]
[PlyCount "115"]
[EventCategory "8"]
[Source "ChessBase"]
[SourceDate "2001.07.05"]

1. e4 d6 2. d4 Nf6 3. f3 d5 4. e5 Ng8 5. Be3 Bf5 6. g4 Bg6 7. Ne2 e6 8. h4 h5
9. Nf4 Ne7 10. Nc3 a6 11. Qe2 Nd7 12. O-O-O b5 13. Bg2 Nb6 14. Nd3 Qd7 15. Bg5
Qc6 16. Nf4 Bh7 17. Nxh5 b4 18. Nb1 Qa4 19. f4 Qxa2 20. b3 Nc6 21. f5 Na5 22.
Rh3 Rc8 23. Bf1 Nbc4 24. bxc4 Nxc4 25. Rb3 a5 26. Qf3 Nb6 27. Rb2 Qa1 28. Qb3
a4 29. Qa2 Qxa2 30. Rxa2 a3 31. Ng3 Kd7 32. Nd2 c5 33. Bb5+ Kc7 34. dxc5 Bxc5
35. Rf1 Bd4 36. Nf3 Bc3 37. Bd2 Kb8 38. Be3 Nc4 39. Bd4 Nd2 40. Nxd2 Bxd4 41.
Nf3 Bc5 42. Kd2 Bg8 43. Ne2 Kc7 44. Ba4 Be7 45. c3 Kb6 46. cxb4 Rc4 47. Rb1
Bxb4+ 48. Kd3 Kc5 49. Bb3 exf5 50. gxf5 Bh7 51. Nfd4 Re8 52. Bxc4 dxc4+ 53. Ke4
f6 54. e6 g6 55. Kf4 gxf5 56. Rg1 Kd5 57. Nb5 Kc5 58. Nc7 1-0

[Event "80th DEN-ch"]
[Site "Nyborg DEN"]
[Date "2001.04.10"]
[Round "4"]
[White "Berg, Klaus"]
[Black "Schandorff, Lars"]
[WhiteElo "2418"]
[BlackElo "2518"]
[Result "0-1"]
[EventDate "2001.04.07"]
[PlyCount "102"]
[EventCategory "8"]
[Source "ChessBase"]
[SourceDate "2001.07.05"]

1. e4 e5 2. Nf3 Nf6 3. Nxe5 d6 4. Nf3 Nxe4 5. d3 Nf6 6. d4 Be7 7. Bd3 O-O 8.
O-O Bg4 9. h3 Bh5 10. Re1 Re8 11. Bg5 Nc6 12. c3 Nd5 13. Bxe7 Rxe7 14. Nbd2 Nf4
15. Bf1 Rxe1 16. Qxe1 Bg6 17. Qe3 Nd5 18. Qe2 a6 19. Re1 Nf4 20. Qe3 Nd5 21.
Qe2 h6 22. g3 Qd7 23. Qc4 Nb6 24. Qb3 Re8 25. Rxe8+ Qxe8 26. Nc4 Be4 27. Qd1
Nxc4 28. Bxc4 Na5 29. Bd3 Bd5 30. b4 Nc4 31. Be2 b5 32. Nh4 Nb6 33. Bd3 Bxa2
34. Nf5 Bd5 35. Qg4 Qe1+ 36. Bf1 g6 37. Nxh6+ Kf8 38. Qh4 Qe7 39. Qf4 Qe4 40.
Qxe4 Bxe4 41. Ng4 Nd5 42. c4 bxc4 43. Bxc4 Nxb4 44. Kf1 Bf5 45. Ke2 d5 46. Bb3
Bxg4+ 47. hxg4 g5 48. Kd2 Ke7 49. Kc3 a5 50. f4 f6 51. fxg5 fxg5 0-1

[Event "80th DEN-ch"]
[Site "Nyborg DEN"]
[Date "2001.04.10"]
[Round "4"]
[White "Boe, Mads"]
[Black "Lindfeldt, Jan Magnus"]
[WhiteElo "2389"]
[BlackElo "2330"]
[Result "1-0"]
[EventDate "2001.04.07"]
[PlyCount "109"]
[EventCategory "8"]
[Source "ChessBase"]
[SourceDate "2001.07.05"]

1. d4 Nf6 2. Nf3 c5 3. e3 e6 4. c4 d5 5. Nc3 Nbd7 6. cxd5 exd5 7. dxc5 Nxc5 8.
Bb5+ Bd7 9. O-O Bxb5 10. Nxb5 Qd7 11. Qe2 a6 12. Nbd4 Bd6 13. b3 Nce4 14. Bb2
Qg4 15. h3 Qh5 16. Nh2 Qg6 17. Ndf3 h5 18. Be5 Bxe5 19. Nxe5 Qf5 20. Nef3 Rc8
21. Nd4 Qd7 22. Rfc1 O-O 23. f3 Nd6 24. Qd3 Rfe8 25. Nf1 Rc7 26. Ng3 Rec8 27.
Rxc7 Qxc7 28. Rd1 Qa5 29. Qd2 Qa3 30. Nge2 g6 31. Nf4 Qc5 32. Qd3 Kh7 33. g4
hxg4 34. hxg4 Qc3 35. Qxc3 Rxc3 36. g5 Nh5 37. Nxd5 Rc5 38. e4 Nb5 39. Nxb5
axb5 40. Rd2 Kg7 41. Kf2 Rc1 42. e5 Kf8 43. Nf6 Ke7 44. Nxh5 gxh5 45. f4 Ke6
46. Rd6+ Kf5 47. Rf6+ Ke4 48. Rxf7 h4 49. e6 Rc2+ 50. Ke1 Kf3 51. e7 Re2+ 52.
Kd1 h3 53. Rh7 h2 54. Rh3+ Kg4 55. Kxe2 1-0

[Event "80th DEN-ch"]
[Site "Nyborg DEN"]
[Date "2001.04.10"]
[Round "4"]
[White "Fries-Nielsen, Jens Ove"]
[Black "Pedersen, Steffen"]
[WhiteElo "2390"]
[BlackElo "2463"]
[Result "1-0"]
[EventDate "2001.04.07"]
[PlyCount "73"]
[EventCategory "8"]
[Source "ChessBase"]
[SourceDate "2001.07.05"]

1. e4 c5 2. Nf3 d6 3. d4 cxd4 4. Nxd4 Nf6 5. Nc3 a6 6. h3 Nc6 7. g4 e6 8. Bg2
Qc7 9. O-O Be7 10. a4 O-O 11. Nde2 Re8 12. Nf4 Rb8 13. g5 Nd7 14. h4 Nc5 15. a5
Nd7 16. Bd2 Nde5 17. b3 Qd8 18. Nce2 d5 19. Ng3 Ng6 20. Nxg6 hxg6 21. exd5 exd5
22. Bf4 Bd6 23. Bxd6 Qxd6 24. Qxd5 Qxd5 25. Bxd5 Nd4 26. c3 Rd8 27. Bxf7+ Kxf7
28. cxd4 Be6 29. Ra4 Bxb3 30. Rb4 Bd5 31. Re1 Bc6 32. Re5 Rd5 33. Rxd5 Bxd5 34.
Nf1 Rc8 35. Ne3 Rc1+ 36. Kh2 Bc6 37. Rb6 1-0

[Event "80th DEN-ch"]
[Site "Nyborg DEN"]
[Date "2001.04.10"]
[Round "4"]
[White "Rasmussen, Karsten"]
[Black "Nielsen, Peter Heine"]
[WhiteElo "2415"]
[BlackElo "2585"]
[Result "0-1"]
[EventDate "2001.04.07"]
[PlyCount "68"]
[EventCategory "8"]
[Source "ChessBase"]
[SourceDate "2001.07.05"]

1. c4 e6 2. Nc3 d5 3. d4 Bb4 4. Nf3 dxc4 5. e4 Nf6 6. Qc2 b5 7. a4 c6 8. Be2
Bb7 9. O-O a6 10. Bg5 h6 11. Bh4 Nbd7 12. e5 g5 13. Bg3 Nh5 14. Ne4 Qb6 15.
Rfd1 Be7 16. b3 cxb3 17. Qxb3 c5 18. Nd6+ Bxd6 19. exd6 Nxg3 20. hxg3 Bd5 21.
Qe3 c4 22. axb5 axb5 23. Rxa8+ Bxa8 24. Rb1 Qc6 25. d5 Qxd5 26. Qa7 Bc6 27. Ne1
O-O 28. Rd1 Qc5 29. Qc7 Ra8 30. Nc2 c3 31. Nd4 c2 32. Rc1 Ra1 33. Rxa1 Qxd4 34.
Re1 Qd2 0-1

[Event "80th DEN-ch"]
[Site "Nyborg DEN"]
[Date "2001.04.11"]
[Round "5"]
[White "Lindfeldt, Jan Magnus"]
[Black "Fries-Nielsen, Jens Ove"]
[WhiteElo "2330"]
[BlackElo "2390"]
[Result "0-1"]
[EventDate "2001.04.07"]
[PlyCount "40"]
[EventCategory "8"]
[Source "ChessBase"]
[SourceDate "2001.07.05"]

1. e4 c5 2. Nf3 Nc6 3. Bb5 e6 4. Bxc6 bxc6 5. O-O Ne7 6. d3 Ng6 7. c3 Be7 8.
Qa4 O-O 9. Be3 a5 10. Nbd2 Ba6 11. c4 f5 12. exf5 Rxf5 13. d4 Nf4 14. dxc5 Bxc5
15. Bxc5 Rxc5 16. Qa3 Qf8 17. b3 Nxg2 18. Ne4 Qxf3 19. Qxc5 Nf4 20. Nd6 Nh3#
0-1

[Event "80th DEN-ch"]
[Site "Nyborg DEN"]
[Date "2001.04.11"]
[Round "5"]
[White "Mortensen, Erling"]
[Black "Berg, Klaus"]
[WhiteElo "2440"]
[BlackElo "2418"]
[Result "1/2-1/2"]
[EventDate "2001.04.07"]
[PlyCount "116"]
[EventCategory "8"]
[Source "ChessBase"]
[SourceDate "2001.07.05"]

1. e4 c6 2. d4 d5 3. e5 Bf5 4. Nf3 e6 5. Be2 Ne7 6. O-O h6 7. b3 c5 8. c4 Nbc6
9. Nc3 a6 10. cxd5 Nxd5 11. Nxd5 Qxd5 12. Be3 cxd4 13. Nxd4 Nxd4 14. Qxd4 Qxd4
15. Bxd4 Be4 16. Rac1 Ba3 17. Rc7 O-O 18. Bf3 Bxf3 19. gxf3 Rfd8 20. Bb6 Rd5
21. f4 Rb5 22. Be3 Rd8 23. Kg2 Kf8 24. Re1 Ke8 25. Re2 Rd7 26. Rc8+ Rd8 27. Rc4
Be7 28. Kf3 Rbd5 29. Bb6 Ra8 30. Rec2 f6 31. exf6 Bxf6 32. Ke4 Rb5 33. Bc5 a5
34. Be3 Rd8 35. Rc5 Rd5 36. Rc7 Rd7 37. R7c5 Rd5 38. Rxb5 Rxb5 39. Rc5 Rb4+ 40.
Rc4 Rxc4+ 41. bxc4 Kd7 42. f5 a4 43. f4 Bb2 44. Bb6 exf5+ 45. Kxf5 Kc6 46. Ba7
b6 47. Bb8 Kc5 48. Be5 a3 49. Kg6 Kxc4 50. Bxg7 b5 51. Bxh6 b4 52. Bf8 Bd4 53.
f5 Kc3 54. f6 b3 55. Bxa3 bxa2 56. f7 a1=Q 57. f8=Q Qg1+ 58. Kf7 Qf1+ 1/2-1/2

[Event "80th DEN-ch"]
[Site "Nyborg DEN"]
[Date "2001.04.11"]
[Round "5"]
[White "Nielsen, Peter Heine"]
[Black "Boe, Mads"]
[WhiteElo "2585"]
[BlackElo "2389"]
[Result "1-0"]
[EventDate "2001.04.07"]
[PlyCount "59"]
[EventCategory "8"]
[Source "ChessBase"]
[SourceDate "2001.07.05"]

1. d4 f5 2. c4 e6 3. Nf3 Nf6 4. Nc3 Be7 5. g3 O-O 6. Bg2 d6 7. O-O Qe8 8. Re1
Nc6 9. e4 fxe4 10. Nxe4 Nxe4 11. Rxe4 Qg6 12. Qe2 Bf6 13. Bd2 e5 14. dxe5 Nxe5
15. Nxe5 Bxe5 16. Bc3 Bxc3 17. bxc3 c6 18. Rd4 Rf6 19. c5 dxc5 20. Rd8+ Rf8 21.
Rxf8+ Kxf8 22. Re1 Qf7 23. Qe5 Bf5 24. Qxc5+ Kg8 25. Re7 Qf6 26. Rxb7 Rd8 27.
h3 h5 28. Rxa7 Rd3 29. Ra8+ Kh7 30. Rf8 1-0

[Event "80th DEN-ch"]
[Site "Nyborg DEN"]
[Date "2001.04.11"]
[Round "5"]
[White "Pedersen, Steffen"]
[Black "Pilgaard, Kim"]
[WhiteElo "2463"]
[BlackElo "2424"]
[Result "0-1"]
[EventDate "2001.04.07"]
[PlyCount "70"]
[EventCategory "8"]
[Source "ChessBase"]
[SourceDate "2001.07.05"]

1. d4 Nf6 2. c4 e6 3. Nf3 b6 4. g3 Bb7 5. Bg2 Be7 6. Nc3 O-O 7. Qc2 c5 8. d5
exd5 9. Ng5 g6 10. h4 Nc6 11. cxd5 Nd4 12. Qd1 Re8 13. h5 Nxh5 14. Nxh7 Kxh7
15. e3 Kg7 16. exd4 Bf6+ 17. Kf1 Bxd4 18. Qf3 Re5 19. Kg1 Rf5 20. Qxf5 gxf5 21.
Rxh5 Qf6 22. Bd2 Rh8 23. Rxh8 Kxh8 24. Bf3 a6 25. Kg2 b5 26. Re1 Kg7 27. Re8
Be5 28. Ne2 d6 29. b3 c4 30. bxc4 bxc4 31. Be3 c3 32. Nc1 f4 33. Bb6 fxg3 34.
Ne2 gxf2 35. Bd8 Qxf3+ 0-1

[Event "80th DEN-ch"]
[Site "Nyborg DEN"]
[Date "2001.04.11"]
[Round "5"]
[White "Schandorff, Lars"]
[Black "Rasmussen, Karsten"]
[WhiteElo "2518"]
[BlackElo "2415"]
[Result "1-0"]
[EventDate "2001.04.07"]
[PlyCount "181"]
[EventCategory "8"]
[Source "ChessBase"]
[SourceDate "2001.07.05"]

1. d4 d5 2. c4 c6 3. Nf3 Nf6 4. Nc3 e6 5. Bg5 h6 6. Bxf6 Qxf6 7. g3 Nd7 8. Bg2
dxc4 9. O-O Be7 10. Ne4 Qf5 11. Ned2 e5 12. Nxc4 exd4 13. Nxd4 Qf6 14. e3 O-O
15. Qh5 Nb6 16. Nd2 Qg5 17. Qxg5 hxg5 18. h3 Rd8 19. Rfd1 a5 20. g4 a4 21. a3
Ra5 22. Ne4 c5 23. Nf5 Bxf5 24. gxf5 Rb5 25. Rxd8+ Bxd8 26. Rc1 c4 27. Nd6 Rxb2
28. Nxc4 Nxc4 29. Rxc4 Rb1+ 30. Bf1 Kf8 31. Rxa4 Ke7 32. Rd4 Bb6 33. Rd5 Bc7
34. Kg2 Bd6 35. a4 b6 36. Bb5 Rc1 37. Rd2 Rc5 38. Bd3 Rd5 39. Kf3 Bc5 40. Kg4
Kf6 41. h4 gxh4 42. Kxh4 g6 43. fxg6 fxg6 44. Kg4 g5 45. Kf3 Rd7 46. Rd1 Ke5
47. Ke2 Rg7 48. Bc4 Kf6 49. Kf3 Rh7 50. Kg3 Rh4 51. Bb5 Rb4 52. Rd5 Rb1 53. Bd7
Ra1 54. Rf5+ Kg6 55. Rd5 Kf6 56. Kf3 Rc1 57. Rf5+ Kg6 58. Rd5 Rc4 59. Bb5 Rb4
60. Bd3+ Kh5 61. a5 Kh4 62. a6 Ra4 63. Rd7 g4+ 64. Kg2 Ra2 65. Bc4 Ra5 66. Rd5
Ra3 67. Rd2 Ra4 68. Rc2 Kg5 69. Bb5 Ra5 70. Be2 Kf6 71. Kg3 Ke5 72. Kxg4 Kd6
73. Rb2 Kc6 74. Bb5+ Kc7 75. Rb3 Kb8 76. f4 Bxe3 77. Rxe3 Rxb5 78. Re7 Rb1 79.
f5 Rg1+ 80. Kh5 Rh1+ 81. Kg6 Rg1+ 82. Kf7 Ka8 83. f6 Rf1 84. Kg7 b5 85. Re5
Rg1+ 86. Kh7 Rh1+ 87. Kg6 b4 88. f7 Rg1+ 89. Kf6 Ka7 90. f8=Q Rf1+ 91. Rf5 1-0

[Event "80th DEN-ch"]
[Site "Nyborg DEN"]
[Date "2001.04.12"]
[Round "6"]
[White "Pilgaard, Kim"]
[Black "Lindfeldt, Jan Magnus"]
[WhiteElo "2424"]
[BlackElo "2330"]
[Result "1-0"]
[EventDate "2001.04.07"]
[PlyCount "79"]
[EventCategory "8"]
[Source "ChessBase"]
[SourceDate "2001.07.05"]

1. e4 e5 2. Nf3 Nc6 3. Bb5 a6 4. Ba4 Nf6 5. O-O Be7 6. Re1 b5 7. Bb3 d6 8. c3
O-O 9. h3 Na5 10. Bc2 c5 11. d4 cxd4 12. cxd4 Qc7 13. Nbd2 Bd7 14. Nf1 Rfc8 15.
Ne3 Nc6 16. a3 g6 17. d5 Na5 18. b3 Nh5 19. Bd3 Nf4 20. Bf1 f5 21. exf5 gxf5
22. b4 Nb7 23. Bb2 Qd8 24. Nd4 Qf8 25. Nc6 Bg5 26. a4 Nd8 27. axb5 axb5 28.
Rxa8 Rxa8 29. Bxb5 Nf7 30. Bf1 Qg7 31. Kh1 Kh8 32. b5 Rg8 33. g3 Qh6 34. gxf4
Bxf4 35. Qf3 Bxe3 36. Rxe3 Rg4 37. b6 Ng5 38. Nxe5 Rg1+ 39. Kxg1 Nxf3+ 40.
Nxf3+ 1-0

[Event "80th DEN-ch"]
[Site "Nyborg DEN"]
[Date "2001.04.12"]
[Round "6"]
[White "Rasmussen, Karsten"]
[Black "Mortensen, Erling"]
[WhiteElo "2415"]
[BlackElo "2440"]
[Result "1-0"]
[EventDate "2001.04.07"]
[PlyCount "45"]
[EventCategory "8"]
[Source "ChessBase"]
[SourceDate "2001.07.05"]

1. g3 e5 2. Bg2 d5 3. d3 c5 4. e4 d4 5. f4 Nc6 6. Nf3 Bd6 7. O-O Nf6 8. Na3 Be6
9. f5 Bd7 10. Nc4 Bc7 11. a4 Qe7 12. c3 O-O-O 13. cxd4 cxd4 14. b4 Nxb4 15. Ba3
a5 16. Nfxe5 Bxe5 17. Nxa5 Kb8 18. Qb3 Bd6 19. e5 Qxe5 20. Bxb4 Bxb4 21. Qxb4
Qe3+ 22. Kh1 Bc8 23. Bxb7 1-0

[Event "80th DEN-ch"]
[Site "Nyborg DEN"]
[Date "2001.04.13"]
[Round "7"]
[White "Fries-Nielsen, Jens Ove"]
[Black "Pilgaard, Kim"]
[WhiteElo "2390"]
[BlackElo "2424"]
[Result "1/2-1/2"]
[EventDate "2001.04.07"]
[PlyCount "82"]
[EventCategory "8"]
[Source "ChessBase"]
[SourceDate "2001.07.05"]

1. e4 e5 2. Nc3 Nf6 3. f4 d5 4. fxe5 Nxe4 5. Nf3 Be7 6. d4 O-O 7. Bd3 Nxc3 8.
bxc3 c5 9. O-O Nc6 10. Qe1 c4 11. Be2 Bf5 12. Bd1 b5 13. Qg3 Bg6 14. h4 f6 15.
exf6 Bxf6 16. Bf4 b4 17. Bd6 Be7 18. Bxe7 Qxe7 19. Re1 Qf6 20. Ne5 bxc3 21.
Nxc6 Qxc6 22. Qxc3 Be4 23. Qg3 c3 24. Re3 Qc4 25. Be2 Qxd4 26. Rd1 Qc5 27. Kh2
Rac8 28. Bd3 Rfe8 29. Bxe4 dxe4 30. Rd7 Re7 31. Rxc3 Qxc3 32. Rxe7 Qxg3+ 33.
Kxg3 Rc3+ 34. Kh2 Rxc2 35. Rxa7 e3 36. Re7 e2 37. a3 Kf8 38. Re4 Kf7 39. Kg3
Ra2 40. Kf2 e1=Q+ 41. Kxe1 Rxa3 1/2-1/2

[Event "80th DEN-ch"]
[Site "Nyborg DEN"]
[Date "2001.04.13"]
[Round "7"]
[White "Lindfeldt, Jan Magnus"]
[Black "Berg, Klaus"]
[WhiteElo "2330"]
[BlackElo "2418"]
[Result "0-1"]
[EventDate "2001.04.07"]
[PlyCount "74"]
[EventCategory "8"]
[Source "ChessBase"]
[SourceDate "2001.07.05"]

1. e4 d5 2. exd5 Qxd5 3. Nc3 Qa5 4. d4 c6 5. Nf3 Bf5 6. Ne5 Nf6 7. Nc4 Qd8 8.
Be2 e6 9. O-O Bg6 10. Bf4 Be7 11. a4 O-O 12. a5 Nbd7 13. Bg3 b5 14. axb6 axb6
15. Ne3 b5 16. Rxa8 Qxa8 17. Bf3 Qa6 18. Qe2 Rc8 19. d5 cxd5 20. Nexd5 Nxd5 21.
Nxd5 Bf8 22. Nc3 Nb6 23. Be4 Bxe4 24. Nxe4 Nd5 25. h3 h6 26. Be5 Qa4 27. b3 Qa6
28. Ra1 Qc6 29. Ra2 f6 30. Ba1 e5 31. f3 Nb4 32. Ra7 Qb6+ 33. Qf2 Qxf2+ 34.
Kxf2 f5 35. Rb7 fxe4 36. Rxb5 e3+ 37. Kxe3 Nxc2+ 0-1

[Event "80th DEN-ch"]
[Site "Nyborg DEN"]
[Date "2001.04.13"]
[Round "7"]
[White "Mortensen, Erling"]
[Black "Nielsen, Peter Heine"]
[WhiteElo "2440"]
[BlackElo "2585"]
[Result "0-1"]
[EventDate "2001.04.07"]
[PlyCount "70"]
[EventCategory "8"]
[Source "ChessBase"]
[SourceDate "2001.07.05"]

1. e4 c5 2. Nf3 d6 3. d4 cxd4 4. Nxd4 Nf6 5. Nc3 a6 6. h3 g6 7. g4 Bg7 8. g5
Nfd7 9. Be3 b5 10. Qd2 Bb7 11. f3 Nb6 12. O-O-O N8d7 13. Nb3 Rc8 14. Bd4 Bxd4
15. Qxd4 e5 16. Qxd6 Qxg5+ 17. Kb1 Qe7 18. Na5 Ba8 19. a4 Qxd6 20. Rxd6 Ke7 21.
Rd2 bxa4 22. Bxa6 Rc5 23. Bb5 Rb8 24. Ka2 Nf6 25. Ka3 Nc8 26. Kb4 Rc7 27. Nxa4
Nd6 28. c4 Rxc4+ 29. Nxc4 Rxb5+ 30. Kc3 Nfxe4+ 31. fxe4 Nxe4+ 32. Kd3 Nxd2 33.
Re1 Rd5+ 34. Kc3 Nxc4 35. Kxc4 Rd4+ 0-1